[Event "Hoogovens op"]
[Site "Wijk aan Zee"]
[Date "1993.01.??"]
[Round "5"]
[White "Van der Sterren, Paul"]
[Black "Smirin, Ilia"]
[Result "1-0"]
[WhiteElo "2490"]
[BlackElo "2590"]
[Annotator "Ribli,Z"]
[PlyCount "115"]
[EventDate "1993.01.??"]
[EventType "swiss"]
[EventRounds "12"]
[EventCountry "NED"]
[SourceTitle "CBM 034"]
[Source "ChessBase"]
[SourceDate "1993.06.01"]
[SourceVersion "1"]
[SourceVersionDate "1993.06.01"]
[SourceQuality "1"]

1. Nf3 d6 2. d4 Bg4 3. c4 Nd7 4. e4 e5 5. Be2 Be7 6. O-O Ngf6 (6... Bxf3 $5 7.
Bxf3 Bg5) 7. Nc3 O-O 8. Be3 c6 (8... Bh5 9. d5 $5 Bg6 10. Nd2 Ne8 11. Bg4 Kh8
12. Bh3 Ndf6 13. g3 $14 {Kortschnoj,V-Speelman,J Roquebrune 30' 1992 CBM/28})
9. d5 $1 Qc7 (9... c5 10. Nd2 $14) 10. Nd2 Bxe2 11. Qxe2 Rfc8 12. Rfc1 a6 13.
a4 a5 14. Rab1 Nc5 15. Bxc5 $1 $14 dxc5 16. Nf3 Re8 17. Rd1 Rad8 18. Rd3 Bf8
19. Rbd1 g6 20. g3 Qb6 21. Qc2 Kg7 22. b3 Kg8 23. Kg2 Qc7 24. h3 Qb6 25. g4 Kg7
26. Ng1 Qc7 27. Nge2 h5 28. f3 Qe7 29. Qd2 Kg8 30. Ng3 $1 h4 31. Nge2 Nh7 32.
Qe3 Qf6 33. Rf1 Be7 34. Qh6 Qd6 35. Qd2 Ng5 36. Rd1 Qf6 37. Qe1 Kg7 38. Nb1 Ra8
39. Qc3 Red8 40. Nd2 Bd6 41. Nb1 Bc7 42. Na3 Rd7 43. Nc2 Re8 44. Ne1 Ra8 45.
Qd2 Rc8 46. Nc3 Rcd8 47. Qe3 $1 Bd6 48. Ne2 $1 {>< dxc6} cxd5 49. Rxd5 Ne6 50.
Qd2 b6 51. f4 $1 g5 (51... exf4 52. Nf3 $16) 52. fxe5 Bxe5 53. Rxd7 Rxd7 54.
Qxd7 Nf4+ 55. Nxf4 Qxf4 56. Qf5 Qh2+ 57. Kf1 Bf4 58. Rd3 1-0

[Event "San Francisco"]
[Site "San Francisco"]
[Date "1995.??.??"]
[Round "11"]
[White "Tisdall, Jonathan D"]
[Black "Gulko, Boris F"]
[Result "0-1"]
[WhiteElo "2470"]
[BlackElo "2595"]
[Annotator "Ribli,Z"]
[PlyCount "74"]
[EventDate "1995.??.??"]
[EventType "game"]
[EventCountry "ARG"]
[SourceTitle "CBM 046"]
[Source "ChessBase"]
[SourceDate "1995.06.01"]
[SourceVersion "1"]
[SourceVersionDate "1995.06.01"]
[SourceQuality "1"]

1. d4 {Tisdall} d6 2. Nf3 Bg4 3. c4 Nd7 4. Nc3 e5 5. e3 {Solide Fortsetzung.
Mein Vorschlag ist 5.g3!?} (5. g3 $5 Bxf3 6. exf3 Ngf6 7. Bg2 c6 8. O-O $14 {
-> A41 Speelman,J-Bezold,M/Altensteig 1994/CBM43/INF61,54/}) 5... Ngf6 6. Be2
Be7 7. O-O O-O 8. b3 (8. h3 $5 Bh5 9. b4 $5 Re8 10. a4 exd4 11. Nxd4 $5 Bxe2
12. Qxe2 Bf8 13. Rd1 $14 {Weiss hat Raumvorteil. Ivanov,I-Miles,A/New York op/
1994/EXP40/}) 8... Re8 9. Bb2 c6 10. h3 Bh5 11. g4 $6 {Dieser Angriffszug
schwaecht nur die weisse Koenigsstellung. Tisdall sollte ruhiger bleiben.} (11.
Nh4 Bxe2 12. Nxe2 Bf8 13. Nf5 g6 14. Nfg3 a5 $10 {Tibensky,R-Jansa,V/Stary
Smokovec/1991/CBM26/}) 11... Bg6 12. Nh4 Bf8 13. Nxg6 (13. dxe5 {Tisdall: Is
critical, but apparently inferior.} Rxe5 $5 (13... Nxe5 14. f4 Nfxg4 (14... Ne4
15. Ng2 $18) 15. Bxg4 $13 (15. Ng2 $2 Nxe3 $1 16. Nxe3 Qb6 $44)) (13... dxe5
14. g5 Ne4 15. Nxg6 Nxc3 16. Bxc3 hxg6 (16... Qxg5+ 17. Kh2 $18) 17. h4 {
Is playable for Black.}) 14. f4 Rxe3 15. f5 Rxh3 16. Ng2 d5 $40 {Tisdal: Gives
Black good attacking chances for the sacrificed Bishop.}) 13... hxg6 14. Bf3 e4
15. Bg2 d5 16. f3 $6 {In Betracht kommt 16.a3 .} (16. g5 $142 $1 {Tisdall} Nh7
(16... Nh5 17. cxd5 Qxg5 18. Qg4 $1) 17. h4 {With amuch improved version of
the game.}) 16... Bb4 $1 {Schwarz will den Punkt e4 kontrollieren.
Wahrscheinlich unterschaetzte Weiss diesen kraftvollen Zug.} 17. g5 (17. f4 {
Tisdall: safe and fine.}) 17... Nh5 18. h4 Ng3 19. fxe4 Bxc3 20. Bxc3 Nxe4 $1 {
Staerker als 20...Nf1?! 21.Qf1 de4 22.Qf4 De7 23.Rf1 und Weiss hat einige
Kompensation fuer die verlorene Qualitaet.} (20... Nxf1 21. Qxf1 dxe4 22. Qf4
Qe7 23. Rf1 $15) 21. Bb4 (21. Bxe4 $2 Rxe4 22. Qf3 Qe7 23. Bb4 Qe6 $19 {
Schwarz kontrolliert das Zentrum und seine Figuren sind gut postiert und noch
Weiss hat eine fruchtbare Koenigstellung.}) (21. Be1 $142 {Tisdall}) 21... a5
22. Ba3 a4 $1 (22... b5 {Tisdall} 23. Rf4 $1 b4 24. Bxe4 dxe4 25. Bb2 {White`s
Bishop has become powerful.}) 23. Rf4 axb3 24. axb3 Qc7 $1 25. cxd5 {Driving
the Black Q from the b8-h2 diagonal.} (25. Bb4 $142 {Tisdall: /\Bb4-e1}) 25...
cxd5 26. Rc1 Qa5 (26... Qb6 $5 {Tisdall}) 27. Bxe4 (27. Bb2 $142 {Tisdall} f5 (
27... Qa2 $2 28. Qc2 {/\ 29.Be4 de4 30.d5}) 28. Bxe4 Rxe4 29. Rxe4 fxe4 {
Now Black has no access to the square d5, as in the game.} (29... dxe4 30. d5))
27... Rxe4 28. Rxe4 dxe4 29. Bd6 Qf5 30. Bf4 (30. Bg3 $5 $17) 30... Nb6 $1 $19
31. Qe2 Nd5 32. Bg3 Qh3 33. Bf2 (33. Qg2 Qxg2+ 34. Kxg2 Nxe3+ $19) 33... Ra3 $6
{Tisdall:Tricky} (33... Kh7 $142 $5 {Tisdall}) 34. Qc4 (34. Qc2 $142 {Tisdall /
\Qc8}) 34... Qg4+ 35. Kf1 (35. Kh2 Qf3 $1) 35... Nxe3+ {Eine kleine, aber
huebsche Kombination entscheidet die positionell gut angelegte Partie.} 36.
Bxe3 Qf3+ 37. Bf2 Ra2 {Ribli} (37... Ra2 38. Rc2 Qd1+ $19) 0-1

[Event "Bucharest ENE"]
[Site "Bucharest"]
[Date "1993.??.??"]
[Round "10"]
[White "Schwartzman, Gabriel"]
[Black "Nevednichy, Vladislav"]
[Result "1-0"]
[WhiteElo "2480"]
[BlackElo "2535"]
[Annotator "Ribli,Z"]
[PlyCount "119"]
[EventDate "1993.??.??"]
[EventType "tourn"]
[EventRounds "11"]
[EventCountry "ROU"]
[EventCategory "8"]
[SourceTitle "CBM 040"]
[Source "ChessBase"]
[SourceDate "1994.06.01"]
[SourceVersion "1"]
[SourceVersionDate "1994.06.01"]
[SourceQuality "1"]

1. Nf3 d6 2. d4 Bg4 3. c4 Nd7 4. Nc3 e5 5. e3 Ngf6 6. Be2 Be7 7. O-O O-O 8. Qc2
{-> A 41} c6 (8... Re8 $5 {Bass,L-Magem Badals,J/Barcelona/1990/CBM21/}) 9. b3
Re8 10. Rd1 Bf8 11. e4 (11. dxe5 dxe5 12. e4 Qc7 $10) 11... Qe7 12. Ba3 (12. d5
$5) 12... Qd8 (12... exd4 13. Nxd4 (13. Rxd4 Nc5 $13) 13... Bxe2 14. Qxe2 Nxe4
15. Qxe4 Qxe4 16. Nxe4 Rxe4 17. Nf5 $44) 13. dxe5 (13. d5 $5) 13... dxe5 14.
Bxf8 Kxf8 15. Nh4 Be6 (15... Bxe2 16. Nxe2 g6 17. c5 $14) 16. c5 $5 Qe7 17. b4
Red8 18. Nf3 Kg8 19. h3 g6 20. Na4 Ne8 21. Nb2 f6 22. Bc4 Nf8 23. Qb3 Kg7 24.
Rxd8 Rxd8 25. Rd1 Rd7 26. Rd3 Rxd3 27. Qxd3 Bc8 (27... Bxc4 28. Nxc4 Qd7 $2 29.
Qxd7+ Nxd7 30. Na5 $16) 28. Bb3 Qd7 29. Qxd7+ Bxd7 30. Nc4 Ne6 31. h4 h5 32. g3
Nd8 33. Ne1 Nc7 34. Nc2 Be6 35. Kg2 Bd7 36. Kf3 Bg4+ 37. Ke3 Be6 38. Kd3 Nb5
39. Ba4 a6 $6 40. Bb3 Kh6 41. a4 Nc7 42. Kc3 g5 43. N2e3 Kg6 44. Bc2 Ne8 45.
Na5 $1 Ng7 46. Bd3 gxh4 47. gxh4 f5 48. Nec4 $1 Bxc4 (48... Kf6 49. Nd6 $18)
49. Nxc4 Kf6 (49... fxe4 $5 $14) 50. Nd6 fxe4 51. Nxe4+ Ke6 52. Ng3 Kf6 53. Be2
Kg6 54. Kd3 $1 Nde6 55. Ke4 a5 56. bxa5 Nxc5+ 57. Kxe5 Nxa4 58. f4 $1 Nc5 59.
f5+ Kf7 60. Kd6 1-0

[Event "New York WFW"]
[Site "New York"]
[Date "1990.??.??"]
[Round "?"]
[White "Fishbein, Alexander"]
[Black "Hodgson, Julian M"]
[Result "0-1"]
[WhiteElo "2470"]
[BlackElo "2555"]
[Annotator "Ribli,Z"]
[PlyCount "92"]
[EventDate "1990.09.??"]
[EventType "tourn"]
[EventRounds "9"]
[EventCountry "USA"]
[EventCategory "11"]
[SourceTitle "CBM 020"]
[Source "ChessBase"]
[SourceDate "1991.02.01"]
[SourceVersion "1"]
[SourceVersionDate "1991.02.01"]
[SourceQuality "1"]

1. c4 e5 2. g3 d6 3. Bg2 Be7 4. Nc3 c6 5. d4 Nf6 6. d5 (6. Nf3 Nbd7 7. O-O O-O
{-> A 55}) 6... O-O 7. h3 cxd5 8. cxd5 Bd7 9. Nf3 b5 10. a3 Qc8 (10... Na6) 11.
Nxe5 $5 dxe5 12. d6 Bd8 13. Bxa8 Nc6 14. Bxc6 Qxc6 15. Rh2 (15. f3 Bb6) 15...
a5 16. Bg5 b4 17. axb4 axb4 18. Bxf6 bxc3 19. Bxd8 c2 20. Qd2 Rxd8 21. Qc3
Qxc3+ 22. bxc3 Ba4 23. Rh1 Rxd6 24. f4 exf4 25. Kf2 (25. gxf4 Rd1+ 26. Kf2 Kf8)
25... fxg3+ 26. Kxg3 Rg6+ 27. Kf2 Bc6 28. Rhc1 Rg2+ 29. Ke3 Rg3+ 30. Kd4 h5 31.
Rxc2 Rxh3 32. Ra6 (32. c4) 32... Rh4+ 33. Ke3 Re4+ 34. Kf2 (34. Kd3 $5) 34...
Rc4 35. Ra5 h4 36. Rg5 f6 37. Rg1 Rf4+ 38. Ke3 g5 39. Rd2 h3 40. Rd8+ Kg7 41.
Rdd1 Kg6 42. Rc1 Kf5 43. Ra1 h2 44. Rh1 Rh4 45. c4 Bxh1 46. Rxh1 Kg4 0-1

[Event "Clarin GP final"]
[Site "Villa Gesell"]
[Date "1998.03.08"]
[Round "2"]
[White "Garcia Palermo, Carlos H"]
[Black "Sorin, Ariel"]
[Result "1-0"]
[WhiteElo "2475"]
[BlackElo "2460"]
[Annotator "Ribli,Z"]
[PlyCount "55"]
[EventDate "1998.03.07"]
[EventType "tourn"]
[EventRounds "11"]
[EventCountry "ARG"]
[EventCategory "10"]
[SourceTitle "CBM 064"]
[Source "ChessBase"]
[SourceDate "1998.06.02"]
[SourceVersion "1"]
[SourceVersionDate "1998.06.02"]
[SourceQuality "1"]

1. d4 Nf6 2. c4 d6 3. Nc3 Nbd7 {Die sogenannte Altindische Verteidigung, die
für Schwarz zu einer etwas passiven Stellung ohne Schwächen führt. Ribli.} 4.
e4 e5 5. d5 {Die Hauptvariante 5.Nf3 bietet Weiß die etwas besseren Aussichten
im Zentrum.} Be7 6. Be3 O-O 7. f3 {Das weiße Spiel ähnelt der Sämisch-Variante
der Königsindischen Verteidigung nach 1.d4 Nf6 2.c4 g6 3.Nc3 Bg7 4.e4 d6 5.f3
0-0 6.Be3.} c6 8. Nh3 {Mit dem schwarzen Springer auf d7 geht Bxh3 nicht und
so kann Weiß seinen Springer auf f2 plazieren.} Nb6 $2 {Auf b6 hat der
Springer keine Zukunft.} (8... a5 $1 9. Nf2 Nc5 10. Qd2 (10. g4 cxd5 11. cxd5
Ne8 12. Qd2 a4 $10) (10. Be2 $5 $14) 10... a4 $1 (10... cxd5 $6 11. cxd5 a4 12.
Bb5 $1 Nfd7 13. O-O h6 14. Rab1 (14. g3 $5 f5 15. exf5 Rxf5 16. Nfe4 $14) 14...
Bg5 $1 15. Nfd1 Nb6 16. b4 axb3 17. axb3 Bd7 18. Bxg5 Qxg5 19. Qxg5 hxg5 20.
Ne3 Rfd8 21. b4 Na6 22. Bxd7 Rxd7 23. Nb5 {1/2-1/2 Gulko,B-Zagrebelny,S/Manila
olm 1992}) 11. Be2 Qa5 12. O-O cxd5 13. cxd5 Bd7 14. Nd3 Nxd3 15. Bxd3 Rfc8 16.
a3 Bd8 17. Qf2 Be8 18. Rac1 h6 19. Kh1 Kf8 {Michenka,J-Duriga,S/Tirnavia-C
1989/0-1 (59)}) (8... Nc5 9. Nf2 a5 {Das ist Zugumstellung zu Varianten mit 8..
.a5.Ribli.}) 9. Nf2 Ne8 10. Qd2 $14 {Weiß hat Raumvorteil und zudem ist die
Koordination der schwarzen Figuren schlecht.} h6 {Schwarz möchte mit ...Bg5
den traditionell schlechten schwarzfeldrigen Läufer tauschen.} 11. O-O-O Bd7 (
11... Bg5 12. dxc6 bxc6 (12... Bxe3 13. Qxe3 bxc6 14. c5 $16 {[%cal Gd1d8]})
13. c5 $16 {[%cal Gd1d8]}) 12. Kb1 Bg5 (12... Rc8) 13. Bxg5 Qxg5 (13... hxg5
14. dxc6 Bxc6 15. c5 Nc8 16. Ng4 $14 {[%cal Gg4e3,Ge3f5,Ge3d5]}) 14. Qxg5 hxg5
15. dxc6 Bxc6 {[%csl Rd6,Rg5] Schwarz kontrolliert die schwarzen Felder und
plant ...Ne8-c7-e6-d4, aber er hat Schwächen auf d6 und g5.} (15... bxc6 16. c5
dxc5 (16... Nc8 $14) 17. Nd3 {[%cal Rd3e5,Rd3c5]}) 16. Ng4 {droht 17.c5 dxc5
18.Nxe5.} Na4 (16... f6 17. h4 gxh4 18. Rxh4 $36 {[%csl Rg8][%cal Gh4h8]}) (
16... Rd8 $2 17. Nxe5 $16 {[%cal Gd1d8]}) 17. Nxa4 Bxa4 18. b3 Bc6 19. c5 $1 {
Dieses zeitweilige Bauernopfer öffnet die Stellung.} dxc5 (19... Rd8 $2 20.
Nxe5 $16 {[%cal Gd1d8]}) 20. Nxe5 {[%csl Rc6,Ge5]} Rc8 21. h4 $1 {Trotz des
reduzierten Materials entfaltet Weiß Initiative.} gxh4 22. Rxh4 {[%csl Rg8]
Weiß hat eine aktive Stellung mit guten Angriffschancen gegen den schwarzen
König.} g6 $2 {Dieser Zug schwächt die schwarze Königsstellung und das Feld g7
nutzt dem schwarzen König nicht.} (22... Nf6 $5 23. Bc4 g5 24. Rh3 Kg7 $14) (
22... g5 23. Rh5 (23. Rg4) 23... f6 24. Ng6 Rf7 25. Bc4 $18 {[%cal Rc4g8]}) 23.
Bc4 $16 {[%csl Rg8]} Kg7 24. Rdh1 {[%cal Gh1h8]} Kf6 (24... Nf6 25. Nxc6 Rxc6
26. e5 Nh5 27. g4 Nf4 28. Rh7+ Kg8 29. Rh8+ Kg7 30. R1h7#) {[#]} 25. Nxf7 $1
$18 b5 (25... Rxf7 26. Rf4+) (25... g5 26. Rh6+ $18 {[%csl Rf6]}) 26. e5+ Ke7 (
26... Kf5 27. Bd3+ Ke6 28. Nh8 $18 {[%csl Re6,Rg6]}) 27. Rh7 {[%cal Gh7e7]}
bxc4 28. Ng5+ {Schwarz gab in verlorener Stellung auf.} (28. Ng5+ Kd8 29. Ne6#)
1-0

[Event "Frankfurt"]
[Site "Frankfurt"]
[Date "1990.??.??"]
[Round "?"]
[White "Zsinka, Laszlo"]
[Black "Werner, Dimo"]
[Result "1/2-1/2"]
[WhiteElo "2370"]
[BlackElo "2350"]
[Annotator "Ribli,Z"]
[PlyCount "51"]
[EventDate "1990.??.??"]
[EventType "tourn"]
[EventRounds "13"]
[EventCountry "GER"]
[EventCategory "7"]
[SourceTitle "CBM 020"]
[Source "ChessBase"]
[SourceDate "1991.02.01"]
[SourceVersion "1"]
[SourceVersionDate "1991.02.01"]
[SourceQuality "1"]

1. d4 Nf6 2. c4 d6 3. Nc3 Nbd7 4. e4 e5 5. d5 Nc5 6. f3 a5 7. Be3 Be7 8. Nge2 (
8. Qd2 h6 9. O-O-O Nh7 $1 (9... O-O 10. Kb1 Nh7 11. g4 Bg5 12. h4 Bxe3 13. Qxe3
$14 {Petursson,M-Westerinen,H Esboo zt 1989 CBM/14}) 10. Kb1 Bg5 {Thorsteins,
K-Zapata,A New York op 1989 CBM/12 47/(95)}) 8... O-O (8... h6 9. Nc1 O-O 10.
Nd3 Nfd7 11. Bf2 g6 12. h4 {Seirawan,Y-Zapata,A New York op 1989 CBM/12}) 9.
Qd2 Ne8 10. g4 h6 11. O-O-O Bg5 12. Kb1 Bxe3 13. Qxe3 h5 14. gxh5 Qh4 15. Ng3
Nf6 16. Be2 Nxh5 17. Nxh5 Qxh5 18. Rdg1 Qh4 19. Qg5 Qxg5 20. Rxg5 g6 21. h4 Kg7
22. h5 Rh8 23. Rhg1 Rh6 24. hxg6 Rxg6 25. Kc2 Bd7 26. Rxg6+ 1/2-1/2

[Event "MK Cafe Cup-A"]
[Site "Koszalin"]
[Date "1999.08.04"]
[Round "2"]
[White "Romanishin, Oleg M"]
[Black "Prokopchuk, Evgeny"]
[Result "0-1"]
[WhiteElo "2567"]
[BlackElo "2470"]
[Annotator "Ribli,Z"]
[PlyCount "106"]
[EventDate "1999.08.03"]
[EventType "swiss"]
[EventRounds "9"]
[EventCountry "POL"]
[SourceTitle "CBM 073"]
[Source "ChessBase"]
[SourceDate "1999.12.01"]
[SourceVersion "1"]
[SourceVersionDate "1999.12.01"]
[SourceQuality "1"]

{[%mdl 4104]} 1. d4 Nf6 2. Nf3 d6 3. g3 {Der ukrainischer Grossmeister ist der
Spezialist in g3-Varianten, aber 3.c4 scheint mir aktiver. Ribli.} Nbd7 4. Bg2
e5 5. O-O (5. c4 c6 6. Nc3) 5... c6 6. c4 e4 7. Nh4 $146 {Bis jetzt wurden
alle normalen Springerzüge ausprobiert: 7.Ne1, 7.Ng5 und 7.Nfd2. Der Textzug
gefällt mir nicht, denn der Springer ist weit vom Zentrum.} (7. Ne1 d5 8. Nc3
Be7 9. Bf4 Nf8 10. cxd5 cxd5 11. Qb3 Ne6 12. Be5 O-O 13. Nc2 b6 14. Bxf6 Bxf6
15. Qxd5 Qxd5 16. Nxd5 Bxd4 17. Bxe4 {1-0 Gemzoe,J-Hansen,B/Norresundby 1992/
EXT 99 (38)}) (7. Ng5 d5 8. Nc3 Be7 (8... h6 9. Nh3 Nb6 10. cxd5 Nbxd5 11. Nxd5
cxd5 12. f3 exf3 13. exf3 Be7 14. Be3 O-O 15. Nf4 Qb6 16. Nd3 Bf5 {0-1
Langeweg,K-Gligoric,S/Beverwijk 1967/MCD (37)}) 9. cxd5 cxd5 10. Nh3 O-O 11.
Nf4 Nb6 12. f3 exf3 13. exf3 Re8 14. b3 h6 15. Qd3 Bb4 16. Bb2 Qe7 17. Qd2 Qe3+
{1/2-1/2 Fridman,D-Prokopchuk,E/Pardubice 1996/CBM 55 ext (27)}) (7. Nfd2 d5 8.
Nc3 Be7 9. cxd5 cxd5 10. Nb3 O-O 11. Bf4 Nb6 12. Nc5 Nc4 13. Qb3 Na5 14. Qc2
Bf5 15. Rfc1 Rc8 16. Bg5 b6 17. Nb3 Nc6 18. a3 Qd7 19. e3 Nd8 20. Bxf6 Bxf6 21.
Qe2 Rc6 22. Qa6 b5 23. Qa5 a6 24. Nc5 Qd6 25. Na2 Ne6 26. Nxe6 Rxc1+ 27. Rxc1
fxe6 28. Qb4 Rd8 {0-1 Mittelman,G-Grinshpun,E/ISR-chT 1996/CBM 52 ext (51)})
7... Nb6 {Auf b6 steht der Springer normalerweise selten gut, aber jetzt hängt
c4 und die Diagonale des c8-Läufers ist geöffnet.} 8. Nc3 (8. b3 h6 {[%csl Rh4]
[%cal Rg7g5,Rg5h4]} 9. f4 d5 $11 {Schwarz hat eine starke Bauernkette im
Zentrum und der h4-Springer steht schlecht.}) 8... Nxc4 $5 (8... Be7 $11) 9. b3
(9. Nxe4 Nxe4 10. Bxe4 $11) 9... Nb6 10. Nxe4 Nxe4 11. Bxe4 d5 $11 {Schwarz
ist gut entwickelt, steht fest im Zentrum und hat keinerlei Schwächen.} (11...
Bh3 $11) 12. Bd3 $5 {Dieser Zug scheint mir besser, als das natürliche 12.Bg2,
wonach der weisse Läufer keine aktiven Möglichkeiten hat.} Be7 {[%csl Rh4]
[%cal Rd8h4]} 13. Nf3 O-O 14. Qc2 {[%csl Rh7][%cal Rc2h7]} h6 15. Bd2 {Wir
haben jetzt eine Stellung, die für das Damengambit typisch ist.} Bh3 16. Rfe1
Nd7 (16... Nc8 $11 {[%cal Gc8d6]}) 17. b4 {Weiss startet einen
Minoritätsangriff.} Bf6 18. Bc3 (18. b5 c5 $11 {[%cal Gf6a1]}) 18... Rc8 19.
Rab1 (19. b5 c5 $15) 19... Re8 20. Ba1 a6 (20... Bg4 $11) 21. a3 (21. a4) 21...
g6 {Schwarz möchte am Königsflügel Raum gewinnen. Sein Plan ist klar: ...Kg7, .
..h5 und ...h4.} 22. Ne5 $5 {Mit diesem zeitweiligen Bauernopfer sucht Weiss
Initiative am Damenflügel.} Bxe5 (22... Bg7 23. f4 $36 (23. Nxf7 Kxf7 24. Bxg6+
Kg8 25. Bxe8 Qxe8 26. e4 $13)) (22... Nxe5 23. dxe5 Bxe5 24. Bxg6 $11 (24. Bxe5
Rxe5 25. Bxg6 {Das ist mit Zugumstellung die unsere Hauptfortsetzung.})) 23.
dxe5 Nxe5 24. Bxe5 Rxe5 25. Bxg6 {Das ist die Pointe des weissen Spiels. Weiss
hat den Bauern zurückgewonnen, aber Schwarz muss jetzt nicht auf g6 nehmen.}
Qf6 (25... fxg6 26. Qxg6+ Kf8 (26... Kh8 27. Qxh6+ $18 {[%cal Rh6h8,Rh6h3]})
27. Qxh6+ $18 {[%cal Rh6h3,Rh6f8]}) 26. Bd3 Rce8 {[%cal Ge8e1] Die weisse
Bauernstruktur ist besser, aber Schwarz hat Aktivität am Königsflügel.} 27. Qd2
Kh8 (27... Kg7 $11) 28. Qb2 {[%cal Gb2h8]} Kg7 29. Qd4 h5 {[%cal Gh5h4]
Schwarz plant ...h5-h4, um den Königsflügel zu öffnen.} 30. Qf4 (30. Rbd1)
30... h4 $36 (30... Qxf4 31. gxf4 R5e6 $15) 31. f3 (31. Qxf6+ Kxf6 32. Rbc1 $15
) 31... hxg3 32. hxg3 (32. Qxf6+ Kxf6 33. hxg3 Bf5 $15) 32... Bf5 33. Kf2 Rh8
$6 {[%csl Rf2][%cal Rh8h2,Rh2f2] Nach diesem natürlichen Zug hat Schwarz
Angriffschancen am Königsfluügel, aber die sofortige Vereinfachung mit 33...
Bxd3 war besser.} (33... Bxd3 $1 34. Qxf6+ (34. exd3 $2 Qxf4 35. gxf4 Rxe1 36.
Rxe1 Rxe1 37. Kxe1 Kf6 $19 {[%csl Rf3,Rf4]}) 34... Kxf6 35. exd3 Rxe1 36. Rxe1
Rxe1 37. Kxe1 Ke5 {Wir haben die Partiefortsetzung.}) 34. Rh1 (34. e4 dxe4 35.
fxe4 Bg6 $11) 34... Rhe8 {[%cal Ge8e2]} 35. Rbe1 (35. Rhe1 Bxd3) 35... Bxd3 36.
Qxf6+ {Weiss muss die Damen selbst tauschen.} Kxf6 37. exd3 Rxe1 38. Rxe1 Rxe1
39. Kxe1 Ke5 {[%csl Ge5] Im Bauernendspiel hat Schwarz einen aktiven König,
was ein sehr wichtiger Faktor ist.} 40. Ke2 Kd4 $17 {[%csl Gd4]} 41. f4 (41.
Kd2 b6 $17 {[%cal Gc6c5]}) 41... f5 42. g4 (42. Kd2 b6 43. Ke2 c5 44. bxc5 bxc5
45. Kd2 c4 46. dxc4 dxc4 $19) 42... fxg4 43. Kf2 (43. f5 Ke5 $19) 43... c5 (
43... Kxd3 $4 44. f5 $18 {[%csl Gf5]}) 44. bxc5 (44. f5 Ke5 45. bxc5 Kxf5 46.
Kg3 Ke5 47. Kxg4 Kd4 $19) 44... Kxc5 45. Kg3 b5 46. Kxg4 Kd6 (46... a5 $17) 47.
Kg5 Ke7 (47... a5 $5 48. Kg6 b4 49. axb4 a4 50. f5 a3 51. f6 a2 52. f7 Ke7 53.
Kg7 a1=Q+ $19) 48. Kg6 Kf8 (48... a5 49. Kg7 Ke6 (49... b4 50. axb4 axb4 51. f5
b3 52. f6+ Ke6 53. f7 b2 54. f8=Q b1=Q $11) 50. Kg6 $11) 49. Kf5 a5 50. Ke5 b4
51. axb4 axb4 (51... a4 $4 52. Kd4 $18) 52. Kd4 Ke7 $22 {[%csl Rd4]} 53. Ke3 (
53. f5 Kf6 $19) 53... Kf6 {Weiss gab in verlorener Stellung auf.} (53... Kf6
54. Kd4 (54. Kd2 Kf5) 54... Kf5 55. Ke3 b3 56. Kd2 d4 57. Kc1 Kxf4 58. Kb2 Ke3
$19) 0-1

[Event "Tilburg"]
[Site "Tilburg"]
[Date "1994.??.??"]
[Round "1"]
[White "Vyzmanavin, Alexey"]
[Black "Mokry, Karel"]
[Result "1-0"]
[WhiteElo "2610"]
[BlackElo "2530"]
[Annotator "Ribli,Z"]
[PlyCount "81"]
[EventDate "1994.09.??"]
[EventType "k.o."]
[EventRounds "7"]
[EventCountry "NED"]
[SourceTitle "CBM 044"]
[Source "ChessBase"]
[SourceDate "1995.02.01"]
[SourceVersion "1"]
[SourceVersionDate "1995.02.01"]
[SourceQuality "1"]

1. d4 d6 2. Nf3 Bg4 3. c4 Nd7 4. Nc3 e5 5. g3 $5 Bxf3 6. exf3 Ngf6 7. Bg2 exd4
(7... c6 8. O-O $14 {Speelman,J-Bezold,M/Altensteig/1994/CBM43/}) 8. Qxd4 Be7
9. O-O O-O 10. Be3 (10. f4 c6 11. b3 Re8 12. Bb2 $14) 10... Re8 11. f4 c6 12.
h3 a5 13. b3 Nc5 14. Rab1 (14. Rad1 $5 Bf8 15. Qd2 Qc7 16. Qc2 Rad8 $14) 14...
Bf8 15. g4 g6 16. Rbd1 Bg7 17. Qd2 (17. Qxd6 $5 $16) 17... Qe7 18. Qc2 (18.
Rfe1 Nfe4 19. Nxe4 Nxe4 20. Bxe4 Qxe4 21. Qxd6 Qf3 22. Kh2 Rxe3 $1 23. fxe3
Qf2+ 24. Kh1 Qf3+ 25. Kh2 Qf2+ $10) (18. Qxd6 $5) 18... Nfd7 (18... Nfe4 $2 19.
Nxe4 Nxe4 20. Bxe4 Qxe4 21. Qxe4 Rxe4 22. Rxd6 $16) (18... Rad8 $5) 19. Ne2 a4
(19... Rad8 20. Qd2 $16) 20. b4 Ne4 (20... Ne6 21. Nc3 $14) 21. Bxe4 Qxe4 22.
Qxe4 Rxe4 23. Rxd6 Nf8 24. Rc1 Bb2 25. Rc2 a3 26. f5 $1 Ree8 27. Kg2 gxf5 28.
gxf5 Be5 29. Rd3 Kg7 30. Ng3 Bxg3 (30... Kf6 31. f4 Bb2 32. Rd6+ Kg7 33. Kf3
$18) 31. fxg3 Kf6 32. g4 Kg7 33. Kf3 f6 34. b5 Rec8 35. b6 Rd8 36. Rcd2 Rxd3
37. Rxd3 Ra4 38. Rd8 Rxc4 39. Rb8 Kf7 40. Rxb7+ Ke8 41. Rb8+ (41. Rb8+ Kf7 42.
b7 Rb4 43. Rxf8+ Kxf8 44. Bc5+ $18) 1-0